| 000 | 00613nam a2200193Ia 4500 | ||
|---|---|---|---|
| 005 | 20250508152843.0 | ||
| 008 | 008 250505s9999 xx 000 0 eng d | ||
| 037 | _aDissertations | ||
| 040 |
_aFEDL _beng _cFEDL |
||
| 041 |
_aeng _2eng |
||
| 084 |
_a371.520 954 56, BAH/DI _qFEDL |
||
| 100 |
_aBahuguna B D _9762575 |
||
| 245 | 0 | _aInvestigation into the causes of irregular attendance in a pew selected schools of Delhi | |
| 260 | _c1962 | ||
| 300 | _a66p. | ||
| 546 | _aM. Ed. Dissertation (Delhi University) | ||
| 942 |
_cDIS _h371.520 954 56, BAH/DI |
||
| 999 |
_c1339203 _d1339203 |
||